00357pab a2200121 454500008004000000100001600040245008900056260000900145300001300154650002000167700002200187773002600209180718b2000 xxu||||| |||| 00| 0 eng d aKlijn, E.H. aPoliticians and interactive decision making: institutional spoilsports or playmakers c2000 ap.365-87 aDecision making aKoppenjan, J.F.M. aPublic Administration